Rahsia kebiasaan orang berjaya

Bibliographic Details
Main Author: Mohammad Qayyum A. Badaruddin Mejar (B) (Author)
Other Authors: Husna Abd Rahman (Editor)
Format: Book
Language:Malay
Published: Kajang, Selangor : Casamas Resourses Sdn Bhd 2022
Subjects:

MARC

LEADER 00000cam a2200000 7i4500
001 0000030397
005 20241203.0
008 230920 my o may
020 |a 9789672107224 (pbk) 
040 |a INS   |b eng   |e rda 
090 0 0 |a BF637   |b .M65 2022 
100 0 |a Mohammad Qayyum A. Badaruddin   |c Mejar (B) ,   |e author 
245 1 0 |a Rahsia kebiasaan orang berjaya   |c Mejar (B) Mohammad Qayyum A. Badaruddin   |f editor Husna Abd Rahman 
264 1 |a Kajang, Selangor :   |b Casamas Resourses Sdn Bhd   |c 2022 
300 |a viii, 148 pages :   |b colour photographs ;   |c 22 cm. 
336 |a text  |2 rdacontent 
337 |a unmediated  |2 rdamedia 
338 |a volume  |2 rdacarrier 
504 |a Includes bibliographical references 
650 0 |a Change (Psychology) 
650 0 |a Self-actualization (Psychology) 
650 0 |a Successful people 
650 0 |a Success   |x Psychological aspects 
700 0 |a Husna Abd Rahman ,   |e editor 
999 |a 1000004748   |b BOOK   |c Open Shelf   |e Default branch